[Event "AUTO-OPEN-200"]
[Site "http://www.queenalice.com/game.php?id=45878"]
[Date "2005.12.31"]
[Round "1"]
[White "BW"]
[Black "pecos64"]
[Result "1-0"]
[WhiteElo "1894"]
[BlackElo "1665"]

1. e4 e5 2. Nf3 d6 3. d4 exd4 4. Nxd4 g6 5. Be3 c6 6. Be2 Bh6 7. Bxh6 Nxh6 8.
Nc3 f5 9. Qd2 Nf7 10. O-O-O Qg5 11. f4 Qh6 12. Rhe1 O-O 13. exf5 a6 14. Ne6 Bxe6
15. fxe6 Nh8 16. e7 Re8 17. Qxd6 Nf7 18. Bc4 Qg7 19. Qd8 Nd7 20. Qxa8 Rxa8 21.
Rxd7 Rf8 22. Rd8 h5 23. exf8=R+ Kh7 24. Rxf7 1-0

[Event "AUTO-OPEN-200"]
[Site "http://www.queenalice.com/game.php?id=45879"]
[Date "2005.12.31"]
[Round "1"]
[White "pecos64"]
[Black "BW"]
[Result "0-1"]
[WhiteElo "1642"]
[BlackElo "1870"]

1. e4 c6 2. c4 d5 3. exd5 cxd5 4. Nc3 Nf6 5. Nxd5 Nxd5 6. cxd5 Qxd5 7. d3 Nc6 8.
f3 Bf5 9. g4 Bg6 10. Bg2 Qxd3 11. Qd2 e5 12. Ne2 Bb4 13. Nc3 Nd4 14. Bf1 Qxf3
15. Bg2 Qxg4 16. Qf2 Bxc3+ 17. Kf1 Qd1+ 0-1

[Event "AUTO-OPEN-200"]
[Site "http://www.queenalice.com/game.php?id=45908"]
[Date "2005.12.31"]
[Round "1"]
[White "pecos64"]
[Black "roq04"]
[Result "0-1"]
[WhiteElo "1637"]
[BlackElo "1604"]

1. e4 c5 2. b3 Nc6 3. Bb2 d6 4. Bc4 e5 5. h3 Nf6 6. d3 Be7 7. Nf3 O-O 8. Nc3 Be6
9. Bxe6 fxe6 10. Ng5 Qd7 11. Na4 Bd8 12. c3 Qe7 13. b4 b5 14. bxc5 bxa4 15. Qxa4
Qc7 16. cxd6 Qxd6 17. Ba3 Qxd3 18. Bxf8 Qxc3+ 19. Ke2 Nd4+ 20. Kd1 Qxa1+ 21. Kd2
Qb2+ 22. Kd1 Qe2+ 23. Kc1 Rc8+ 24. Kb1 Qd3+ 25. Ka1 Qc3+ 26. Kb1 Rb8+ 0-1

[Event "AUTO-OPEN-200"]
[Site "http://www.queenalice.com/game.php?id=45909"]
[Date "2005.12.31"]
[Round "1"]
[White "roq04"]
[Black "pecos64"]
[Result "1-0"]
[WhiteElo "1634"]
[BlackElo "1550"]

1. e4 e5 2. Nc3 Nf6 3. Bc4 Bb4 4. Nf3 Bxc3 5. bxc3 d6 6. d3 Bg4 7. h3 Bh5 8. O-O
h6 9. Qe2 g5 10. Qe3 g4 11. Nh2 gxh3 12. g3 Rg8 13. Qxh6 Bg6 14. Qxh3 d5 15.
exd5 e4 16. Re1 Qe7 17. Qc8+ Qd8 18. Qxb7 Nbd7 19. Qc6 Rb8 20. Be3 Rh8 21. Bg5
Rb6 22. Qa4 Rxh2 23. Kxh2 Kf8 24. dxe4 Ne5 25. Kg2 Qd6 26. Bd3 Nh7 27. Bh6+ Ke7
28. Qxa7 Bh5 29. Be3 Bf3+ 30. Kf1 Qd7 31. Reb1 Rxb1+ 32. Rxb1 Qh3+ 33. Ke1 Nf6
34. Qc5+ Kd7 35. Bb5+ Kc8 36. Qf8+ Kb7 37. Bc4# 1-0

[Event "AUTO-OPEN-200"]
[Site "http://www.queenalice.com/game.php?id=45910"]
[Date "2005.12.31"]
[Round "1"]
[White "pecos64"]
[Black "yossarian"]
[Result "1-0"]
[WhiteElo "1500"]
[BlackElo "1383"]

1. e4 e5 2. Bc4 Nf6 3. d3 d5 4. exd5 Nxd5 5. Qf3 Be6 6. Bd2 Bd6 7. Bxd5 Bxd5 8.
Qxd5 Nc6 9. a3 O-O 10. Nf3 Qd7 11. O-O b6 12. Bc3 Ne7 13. Qe4 Ng6 14. Nbd2 f5
15. Qd5+ Kh8 16. Nxe5 Nxe5 17. Bxe5 a5 18. Bxd6 cxd6 19. Nc4 Rfd8 20. Nxb6 1-0

[Event "AUTO-OPEN-200"]
[Site "http://www.queenalice.com/game.php?id=45911"]
[Date "2005.12.31"]
[Round "1"]
[White "yossarian"]
[Black "pecos64"]
[Result "0-1"]
[WhiteElo "1426"]
[BlackElo "1625"]

1. d4 e6 2. e4 d5 3. exd5 exd5 4. Nf3 Bd6 5. Nc3 c6 6. Bd3 Nf6 7. O-O Bg4 8.
Re1+ Be7 9. Re3 O-O 10. Qe2 Bd6 11. Nd1 c5 12. c3 cxd4 13. cxd4 Nc6 14. h3 Nxd4
15. Qd2 Bxf3 16. gxf3 Bf4 17. Bxh7+ Nxh7 18. Qxd4 Bxe3 19. Bxe3 Ng5 20. Qg4 Ne6
21. Bh6 Qf6 22. Ne3 Qxh6 23. Nf5 Qg5 24. Nd6 Qxg4+ 25. fxg4 b6 26. Rd1 Nf4 27.
Kh2 Rad8 28. Nf5 Rfe8 29. Kg3 Ne2+ 30. Kh2 d4 0-1

[Event "Challenge"]
[Site "http://www.queenalice.com/game.php?id=54920"]
[Date "2006.2.27"]
[Round "-"]
[White "renard77"]
[Black "pecos64"]
[Result "1-0"]
[WhiteElo "1638"]
[BlackElo "1472"]

1. d4 b5 2. e4 e6 3. Bxb5 c6 4. Bd3 Bb7 5. Nf3 c5 6. Be3 d6 7. c3 Nf6 8. O-O h6
9. e5 Nh5 10. Nbd2 Be7 11. h3 f5 12. Nc4 f4 13. Bd2 Kd7 14. exd6 1-0

[Event "Challenge"]
[Site "http://www.queenalice.com/game.php?id=54921"]
[Date "2006.2.27"]
[Round "-"]
[White "pecos64"]
[Black "renard77"]
[Result "0-1"]
[WhiteElo "1488"]
[BlackElo "1628"]

1. e4 Nc6 2. d4 e5 3. dxe5 Nxe5 4. Bf4 Ng6 5. Qd2 d6 6. Nc3 Be7 7. Nf3 Be6 8.
O-O-O Nxf4 9. Qxf4 Nh6 10. e5 d5 11. Nd4 O-O 12. Kb1 c5 13. Nf3 d4 0-1

[Event "AUTO-OPEN-248"]
[Site "http://www.queenalice.com/game.php?id=62143"]
[Date "2006.4.9"]
[Round "1"]
[White "ricardomat"]
[Black "pecos64"]
[Result "1-0"]
[WhiteElo "1825"]
[BlackElo "1428"]

1. e4 c6 2. d4 Nf6 3. e5 Ne4 4. Qf3 d5 5. exd6 Nxd6 6. Nc3 Bf5 7. Bf4 h5 8. Bxd6
Bg4 9. Bxe7 Qxe7+ 10. Qe4 Qxe4+ 11. Nxe4 Bf5 12. Bd3 b5 13. Nf3 Nd7 14. O-O f6
15. Rfe1 O-O-O 16. Rad1 a6 17. c4 Bb4 18. Re3 h4 19. c5 Bxe4 20. Bxe4 Nf8 21. a3
Ba5 22. b4 Bc7 23. Bxc6 Ng6 24. d5 Rhe8 25. Rxe8 Nf4 26. Rxd8+ Bxd8 27. d6 h3
28. g3 1-0

[Event "AUTO-OPEN-248"]
[Site "http://www.queenalice.com/game.php?id=62144"]
[Date "2006.4.9"]
[Round "1"]
[White "pecos64"]
[Black "ricardomat"]
[Result "0-1"]
[WhiteElo "1428"]
[BlackElo "1825"]

1. e4 e5 2. Bc4 Nf6 3. d3 Bc5 4. Nf3 b6 5. Nxe5 O-O 6. Be3 Bxe3 7. fxe3 d5 8.
exd5 Nxd5 9. Qf3 Be6 10. Bxd5 Bxd5 11. e4 Qg5 12. exd5 Qxe5+ 13. Kd2 Qxb2 14.
Nc3 Qb4 15. d6 Nd7 16. dxc7 Rac8 17. Qg3 Qc5 18. Rab1 Rxc7 19. Rb3 Re8 20. Re1
Rxe1 21. Qxe1 Qg5+ 22. Kd1 Qxg2 23. Rb2 g5 24. Nb5 Rc5 25. Nd6 Re5 26. Ne4 f5
27. Qf2 Qg4+ 0-1

[Event "Challenge"]
[Site "http://www.queenalice.com/game.php?id=79727"]
[Date "2006.6.24"]
[Round "-"]
[White "Wittemberg"]
[Black "pecos64"]
[Result "1-0"]
[WhiteElo "1364"]
[BlackElo "1428"]

1. e4 e5 2. Nc3 Nf6 3. d3 c6 4. Bg5 Be7 5. Qf3 d5 6. exd5 cxd5 7. O-O-O Bg4 8.
Qg3 Bxd1 9. Kxd1 e4 10. dxe4 Nxe4 11. Qe5 Nxf2+ 12. Ke1 1-0